| 000 -LEADER |
| fixed length control field |
05489nam a22009137a 4500 |
| 001 - CONTROL NUMBER |
| control field |
q2p06s4vnkh1p54j |
| 003 - CONTROL NUMBER IDENTIFIER |
| control field |
LIBRIS |
| 005 - DATE AND TIME OF LATEST TRANSACTION |
| control field |
20241031120515.0 |
| 008 - FIXED-LENGTH DATA ELEMENTS--GENERAL INFORMATION |
| fixed length control field |
191206s2019 flua|||||bf|||001 0|eng|d |
| 020 ## - INTERNATIONAL STANDARD BOOK NUMBER |
| International Standard Book Number |
9781935660330 |
| Qualifying information |
(paperback) |
| 020 ## - INTERNATIONAL STANDARD BOOK NUMBER |
| International Standard Book Number |
1935660330 |
| Qualifying information |
(paperback) |
| 035 ## - SYSTEM CONTROL NUMBER |
| System control number |
(OCoLC)on1082313646 |
| 040 ## - CATALOGING SOURCE |
| Original cataloging agency |
Lbmc |
| Language of cataloging |
eng |
| Transcribing agency |
YUM |
| Modifying agency |
OCLCO |
| -- |
MDU |
| -- |
OCLCO |
| -- |
NEH |
| -- |
OCLCO |
| -- |
YDXIT |
| -- |
YDX |
| -- |
OCLCO |
| -- |
EYM |
| -- |
OCL |
| -- |
OCLCO |
| -- |
WBT |
| -- |
OCLCA |
| Description conventions |
i |
| -- |
rda |
| 041 ## - LANGUAGE CODE |
| Language code of text/sound track or separate title |
eng |
| 050 #4 - LIBRARY OF CONGRESS CALL NUMBER |
| Classification number |
QR67 |
| Item number |
.G56 2019 |
| 060 #4 - NATIONAL LIBRARY OF MEDICINE CALL NUMBER |
| Classification number |
QW 4 |
| 080 ## - UNIVERSAL DECIMAL CLASSIFICATION NUMBER |
| Universal Decimal Classification number |
616-093 |
| Item number |
G-51 |
| 082 04 - DEWEY DECIMAL CLASSIFICATION NUMBER |
| Classification number |
616.9041 |
| Edition number |
23 |
| 084 ## - OTHER CLASSIFICATION NUMBER |
| Classification number |
Vab |
| Number source |
kssb/8 (machine generated) |
| 100 1# - MAIN ENTRY--PERSONAL NAME |
| Personal name |
Gladwin, Mark |
| Relationship |
aut |
| 245 10 - TITLE STATEMENT |
| Title |
Clinical microbiology made ridiculously simple / |
| Statement of responsibility, etc. |
Mark T. Gladwin, William Trattler, C. Scott Mahan. |
| 250 ## - EDITION STATEMENT |
| Edition statement |
Edition 7. |
| 260 ## - PUBLICATION, DISTRIBUTION, ETC. |
| Place of publication, distribution, etc. |
Miami : |
| Name of publisher, distributor, etc. |
MedMaster, Inc. |
| Date of publication, distribution, etc. |
[2019] |
| 300 ## - PHYSICAL DESCRIPTION |
| Extent |
vii, 413 pages |
| Other physical details |
illustrations |
| Dimensions |
29 cm |
| 336 ## - CONTENT TYPE |
| Content type term |
text |
| Content type code |
txt |
| Source |
rdacontent |
| 337 ## - MEDIA TYPE |
| Media type term |
unmediated |
| Media type code |
n |
| Source |
rdamedia |
| 338 ## - CARRIER TYPE |
| Carrier type term |
volume |
| Carrier type code |
nc |
| Source |
rdacarrier |
| 340 ## - PHYSICAL MEDIUM |
| Dimensions |
29 cm |
| 365 ## - TRADE PRICE |
| Price note |
37.95 USD |
| 504 ## - BIBLIOGRAPHY, ETC. NOTE |
| Bibliography, etc. note |
Includes bibliographical references and index. |
| 505 8# - FORMATTED CONTENTS NOTE |
| Formatted contents note |
pt. 1. Bacteria : Bacterial taxonomy ; Cell structures, virulence factors, and toxins ; Bacterial genetics -- Gram-positive bacteria : Streptococcus ; Staphylococcus ; Bacillus and Clostridium (spore-forming rods) ; Corynebacterium and Listeria (non-spore-forming rods) -- Gram-negative bacteria : Neisseria ; The enterics ; Hospital-acquired gram negatives ; Haemophilus, Bordetella, and Legionella ; Yersinia, Francisella, Brucella, and Pasteurella ; Chlamydia, Rickettsia, and friends ; Spirochetes -- Acid-fast bacteria : Mycobacterium -- Bacteria without cell walls : Mycoplasma -- Anti-bacterial medications : Penicillin family antibiotics ; Anti-ribosomal antibiotics ; Anti-TB and anti-leprosy antibiotics ; Miscellaneous antibiotics -- pt. 2. Fungi : The fungi ; Anti-fungal medications -- pt. 3. Viruses : Viral replication and taxonomy ; Orthomyxo and Paramyxoviridae ; Hepatitis Veridae ; Retroveridae, HIV, and AIDS ; Herpesviridae (contributing author: John Beigel) ; Rest of the DNA viruses ; Rest of the RNA viruses (contributing authors: Amy Guillet Agrawal and John Beigel ; Anti-viral medications -- pt. 4. Parasites : Protozoans ; Helminths -- pt. 5. Very strange critters : Prions (contributing author: Hans Henrik Larsen) -- pt. 6. The end : Antimicrobial resistance: one step toward the post-antibiotic era? (contributing authors, Amesh A. Adalja, Luciano Borio, and Clarence Lam) ; The agents of bioterrorism (contributing authors: Luciana Borio and Clarence Lam) ; Emerging infectious diseases (contributing authors: Amesh A Adalji and C. Scott Mahan) -- Bioterrorism defense updates : http://www.medmaster.net/BioterrorismDefense.html -- Atlas of microbiology : http://www.medmaster.net (free download) -- Index. |
| 520 ## - SUMMARY, ETC. |
| Summary, etc. |
Resource added for the {u200B}Laboratory Science Technician program 105065. |
| 520 ## - SUMMARY, ETC. |
| Summary, etc. |
Resource added for the Microbiology 10-806-197 courses. |
| 650 #7 - SUBJECT ADDED ENTRY--TOPICAL TERM |
| Topical term or geographic name entry element |
Medicinsk mikrobiologi |
| Authority record control number or standard number |
https://id.kb.se/term/sao/Medicinsk%20mikrobiologi |
| Source of heading or term |
sao |
| 650 #0 - SUBJECT ADDED ENTRY--TOPICAL TERM |
| Topical term or geographic name entry element |
Microbiology. |
| 650 #0 - SUBJECT ADDED ENTRY--TOPICAL TERM |
| Topical term or geographic name entry element |
Fungi. |
| 650 #0 - SUBJECT ADDED ENTRY--TOPICAL TERM |
| Topical term or geographic name entry element |
Parasites. |
| 650 #0 - SUBJECT ADDED ENTRY--TOPICAL TERM |
| Topical term or geographic name entry element |
Diagnostic microbiology |
| Form subdivision |
Handbooks, manuals, etc. |
| 650 #0 - SUBJECT ADDED ENTRY--TOPICAL TERM |
| Topical term or geographic name entry element |
Medical microbiology |
| Form subdivision |
Handbooks, manuals, etc. |
| 650 #0 - SUBJECT ADDED ENTRY--TOPICAL TERM |
| Topical term or geographic name entry element |
Viruses |
| Form subdivision |
Classification. |
| 650 #0 - SUBJECT ADDED ENTRY--TOPICAL TERM |
| Topical term or geographic name entry element |
Bacteria |
| Form subdivision |
Classification. |
| 650 #2 - SUBJECT ADDED ENTRY--TOPICAL TERM |
| Topical term or geographic name entry element |
Microbiology. |
| 650 #7 - SUBJECT ADDED ENTRY--TOPICAL TERM |
| Topical term or geographic name entry element |
Viruses. |
| Source of heading or term |
fast |
| 650 #7 - SUBJECT ADDED ENTRY--TOPICAL TERM |
| Topical term or geographic name entry element |
Parasites. |
| Source of heading or term |
fast |
| 650 #7 - SUBJECT ADDED ENTRY--TOPICAL TERM |
| Topical term or geographic name entry element |
Microbiology. |
| Source of heading or term |
fast |
| 650 #7 - SUBJECT ADDED ENTRY--TOPICAL TERM |
| Topical term or geographic name entry element |
Medical microbiology. |
| Source of heading or term |
fast |
| 650 #7 - SUBJECT ADDED ENTRY--TOPICAL TERM |
| Topical term or geographic name entry element |
Fungi. |
| Source of heading or term |
fast |
| 650 #7 - SUBJECT ADDED ENTRY--TOPICAL TERM |
| Topical term or geographic name entry element |
Diagnostic microbiology. |
| Source of heading or term |
fast |
| 650 #7 - SUBJECT ADDED ENTRY--TOPICAL TERM |
| Topical term or geographic name entry element |
Bacteriology |
| General subdivision |
Classification. |
| Source of heading or term |
fast |
| 650 #0 - SUBJECT ADDED ENTRY--TOPICAL TERM |
| Topical term or geographic name entry element |
Medical microbiology |
| 653 ## - INDEX TERM--UNCONTROLLED |
| Uncontrolled term |
მიკრობიოლოგია |
| 653 ## - INDEX TERM--UNCONTROLLED |
| Uncontrolled term |
პარაზიტოლოგია |
| 653 ## - INDEX TERM--UNCONTROLLED |
| Uncontrolled term |
ბაქტერიოლოგია |
| 653 ## - INDEX TERM--UNCONTROLLED |
| Uncontrolled term |
მედიცინა |
| 655 #7 - INDEX TERM--GENRE/FORM |
| Genre/form data or focus term |
Handb�cker, manualer etc. |
| Authority record control number or standard number |
https://id.kb.se/term/saogf/Handb%C3%B6cker%2C%20manualer%20etc. |
| Source of term |
saogf |
| 655 #7 - INDEX TERM--GENRE/FORM |
| Genre/form data or focus term |
Classification. |
| Source of term |
fast |
| 655 #7 - INDEX TERM--GENRE/FORM |
| Genre/form data or focus term |
Handbooks and manuals. |
| Source of term |
fast |
| 700 1# - ADDED ENTRY--PERSONAL NAME |
| Personal name |
Mahan, C. Scott |
| Relationship |
aut |
| 700 1# - ADDED ENTRY--PERSONAL NAME |
| Personal name |
Trattler, Bill |
| Relationship |
aut |
| 700 ## - ADDED ENTRY--PERSONAL NAME |
| Personal name |
Mahan,C.Skott |
| 9 (RLIN) |
198 |
| 856 41 - ELECTRONIC LOCATION AND ACCESS |
| Uniform Resource Identifier |
<a href="http://www.medmaster.net/BioterrorismDefense.html">http://www.medmaster.net/BioterrorismDefense.html</a> |
| 856 41 - ELECTRONIC LOCATION AND ACCESS |
| Uniform Resource Identifier |
<a href="http://www.medmaster.net">http://www.medmaster.net</a> |
| 887 ## - NON-MARC INFORMATION FIELD |
| Content of non-MARC field |
{"@id":"q2p06s4vnkh1p54j","modified":"2020-01-15T09:47:50.146+01:00","checksum":"296885603598"} |
| Source of data |
librisxl |
| 887 ## - NON-MARC INFORMATION FIELD |
| Content of non-MARC field |
{"@id":"z9zr775bwf8sn4j0","modified":"2020-01-15T09:49:29.049+01:00","checksum":"119747425493"} |
| Source of data |
librisxl |
| 887 ## - NON-MARC INFORMATION FIELD |
| Content of non-MARC field |
{"@id":"cpbmtjnz983ddf12","modified":"2019-12-06T10:39:19.514+01:00","checksum":"119661410767"} |
| Source of data |
librisxl |
| 887 ## - NON-MARC INFORMATION FIELD |
| Content of non-MARC field |
{"@id":"bn9lsjn08h3njcgr","modified":"2019-12-06T10:39:47.473+01:00","checksum":"126019360675"} |
| Source of data |
librisxl |
| 942 ## - ADDED ENTRY ELEMENTS (KOHA) |
| Source of classification or shelving scheme |
|
| Koha item type |
Books |